[Event "Tournament 14475 - Europe Echecs"]
[Site "Europe Echecs"]
[Date "2020.07.12"]
[Round "1"]
[Time "14:00:03"]
[PlyCount "100"]
[White "TravadonLoic"]
[Black "GuerinJuliette"]
[WhiteElo "2431"]
[BlackElo "1918"]
[Mode "WEB"]
[Result "1-0"]

1. d4 Nf6 2. c4 g6 3. Nc3 Bg7 4. e4 d6 5. Nf3 O-O 6. h3 e5 7. d5 Nh5 8. g3 f5 9.
exf5 gxf5 10. Be2 Nf6 11. Bg5 Nbd7 12. Nd2 Qe8 13. Qc2 Qg6 14. Bh4 a6 15. O-O-O
Rb8 16. Kb1 c6 17. Nb3 b5 18. dxc6 bxc4 19. Bxc4+ d5 20. Nxd5 Nxd5 21. Bxd5+ Kh8
22. cxd7 Bxd7 23. Bc4 Bc6 24. Rhe1 Be4 25. Bd3 Rfc8 26. Qe2 Bc6 27. Bxa6 Re8 28.
Ka1 Ba4 29. Bc4 Rec8 30. g4 f4 31. Rc1 Qb6 32. Be7 Rc7 33. Ba3 Rbc8 34. Red1
Bxb3 35. axb3 Qa7 36. Qd2 Bf8 37. Ka2 Bxa3 38. bxa3 Ra8 39. Qb2 Rc5 40. b4 Rb8
41. Bb3 Rcb5 42. h4 R5b7 43. h5 h6 44. Qxe5+ Kh7 45. Bc2+ Kg8 46. Bb3+ Kf8 47.
Qf6+ Rf7 48. Bxf7 Qxf7+ 49. Qxf7+ Kxf7 50. f3 {GuerinJuliette a abandonné} 1-0

[Event "Tournament 14475 - Europe Echecs"]
[Site "Europe Echecs"]
[Date "2020.07.12"]
[Round "1"]
[Time "14:00:03"]
[PlyCount "61"]
[White "NoirMathys"]
[Black "EugeneFloryan"]
[WhiteElo "1897"]
[BlackElo "2343"]
[Mode "WEB"]
[Result "0-1"]

1. e4 e5 2. f4 exf4 3. Nf3 Nf6 4. e5 Nh5 5. d4 g6 6. Bd3 d5 7. O-O Be6 8. c4
dxc4 9. Be4 c6 10. Nc3 Nd7 11. d5 cxd5 12. Bxd5 Qc7 13. Bxe6 fxe6 14. Kh1 a6 15.
Qd4 O-O-O 16. Bxf4 Nb6 17. Qe4 Nxf4 18. Qxf4 Nd5 19. Nxd5 exd5 20. Ng5 Bg7 21.
Qg4+ Kb8 22. Nf7 Bxe5 23. Rae1 Bxb2 24. Nxh8 Bxh8 25. Qh4 c3 26. Re7 Qc4 27.
Qg3+ Ka8 28. Rff7 c2 29. h3 c1=Q+ 30. Kh2 Qc5 {NoirMathys a perdu au temps} 0-1

[Event "Tournament 14475 - Europe Echecs"]
[Site "Europe Echecs"]
[Date "2020.07.12"]
[Round "1"]
[Time "14:00:03"]
[PlyCount "160"]
[White "Razafindratsim"]
[Black "LecciaThomas"]
[WhiteElo "2336"]
[BlackElo "1893"]
[Mode "WEB"]
[Result "1-0"]

1. e4 e6 2. d4 d5 3. Nd2 Nc6 4. Ngf3 Nf6 5. e5 Nd7 6. c3 f6 7. exf6 Qxf6 8. Bd3
Bd6 9. O-O O-O 10. Nb3 e5 11. Bg5 Qf7 12. dxe5 Ndxe5 13. Nxe5 Nxe5 14. Be2 c6
15. Bh4 Be6 16. Bg3 Rae8 17. f4 Nd7 18. Nd4 Bc5 19. Kh1 Bf5 20. Nxf5 Qxf5 21.
Bg4 Qf7 22. b4 Bb6 23. a4 Nf6 24. a5 Nxg4 25. Qxg4 Be3 26. a6 b6 27. f5 Qd7 28.
Qh5 d4 29. cxd4 Qxd4 30. Rad1 Qc3 31. f6 gxf6 32. Rd7 Qc2 33. Qg4+ Qg6 34. Qc4+
Rf7 35. Rxa7 c5 36. bxc5 Bxc5 37. h4 Kg7 38. Rxf7+ Qxf7 39. Qg4+ Qg6 40. Qxg6+
hxg6 41. Rd1 Ra8 42. Rd7+ Kh6 43. a7 b5 44. Bb8 b4 45. Rb7 b3 46. Rxb3 Bxa7 47.
Bf4+ g5 48. hxg5+ fxg5 49. Bd2 Bd4 50. Kh2 Be5+ 51. Kh3 Ra6 52. Rf3 Kg6 53. Rd3
Ra4 54. g4 Ra6 55. Rd5 Bf6 56. Rd3 Re6 57. Rf3 Ra6 58. Bc3 Bxc3 59. Rxc3 Re6 60.
Kg3 Ra6 61. Kf3 Re6 62. Rd3 Ra6 63. Ke4 Ra4+ 64. Rd4 Ra6 65. Ke5 Ra5+ 66. Rd5
Rxd5+ 67. Kxd5 Kf6 68. Kd6 Kg6 69. Ke7 Kh6 70. Kf6 Kh7 71. Kf7 Kh6 72. Kg8 Kg6
73. Kh8 Kf6 74. Kh7 Ke5 75. Kg6 Kf4 76. Kh5 Ke4 77. Kxg5 Ke5 78. Kh6 Kf6 79. g5+
Kf7 80. Kh7 {LecciaThomas a abandonné} 1-0

[Event "Tournament 14475 - Europe Echecs"]
[Site "Europe Echecs"]
[Date "2020.07.12"]
[Round "1"]
[Time "14:00:03"]
[PlyCount "61"]
[White "courjalpauline"]
[Black "DroinAugustin"]
[WhiteElo "1848"]
[BlackElo "2313"]
[Mode "WEB"]
[Result "0-1"]

1. e4 c5 2. Nc3 Nc6 3. g3 g6 4. Bg2 Bg7 5. d3 e6 6. Be3 Nd4 7. Nge2 Ne7 8. Qd2
Qb6 9. O-O Qxb2 10. Rab1 Nxe2+ 11. Nxe2 Qa3 12. Rb3 Qxa2 13. Bxc5 Nc6 14. Nc3
Qa5 15. Bd6 Nd4 16. Ra3 Qh5 17. f4 f6 18. h3 Bf8 19. Bxf8 Rxf8 20. Qf2 Qc5 21.
Rfa1 d6 22. Na4 Ne2+ 23. Kf1 Qxf2+ 24. Kxf2 Nd4 25. Nb6 Rb8 26. Rxa7 Ke7 27. Rb1
Kd8 28. c3 Nc6 29. d4 Nxa7 30. Nc4 Kc7 {courjalpauline a abandonné} 0-1

[Event "Tournament 14475 - Europe Echecs"]
[Site "Europe Echecs"]
[Date "2020.07.12"]
[Round "1"]
[Time "14:00:03"]
[PlyCount "124"]
[White "BressyTheo"]
[Black "TritonMaxime"]
[WhiteElo "2289"]
[BlackElo "1843"]
[Mode "WEB"]
[Result "1-0"]

1. e4 g6 2. g3 Nf6 3. Bg2 d5 4. exd5 Nxd5 5. Nc3 c6 6. Nge2 Bg7 7. O-O O-O 8. h3
Na6 9. d4 Nac7 10. Nxd5 cxd5 11. c3 Bf5 12. Be3 Qd7 13. Kh2 h5 14. Qd2 Rad8 15.
Rad1 e6 16. Bh6 Ne8 17. Bxg7 Kxg7 18. Nf4 Nd6 19. Nd3 Bxd3 20. Qxd3 Rc8 21. b3
Rfd8 22. Rc1 Rc7 23. Rc2 Rdc8 24. Rfc1 b5 25. Bf1 Ne4 26. f3 Nd6 27. h4 Qe7 28.
Qe3 Rc6 29. Bd3 a6 30. Qe5+ Qf6 31. g4 R8c7 32. gxh5 Qxe5+ 33. dxe5 Nf5 34. hxg6
Nxh4 35. Kg3 Nxg6 36. Bxg6 Kxg6 37. Kf4 Kg7 38. Ke3 f6 39. f4 Rc8 40. Kd4 Rh8
41. Rg2+ Kf7 42. Rcg1 fxe5+ 43. fxe5 Rh4+ 44. Rg4 Rxg4+ 45. Rxg4 b4 46. cxb4 Rc2
47. a4 Rb2 48. Rg3 Ke7 49. Kc5 Kd7 50. Kb6 Re2 51. Kxa6 Rxe5 52. b5 Rf5 53. b6
Kc6 54. b4 Rf4 55. b5+ Kc5 56. a5 Rf8 57. b7 e5 58. Rc3+ Kb4 59. Rc8 Rf6+ 60. b6
e4 61. b8=Q Re6 62. Re8 {TritonMaxime a abandonné} 1-0

[Event "Tournament 14475 - Europe Echecs"]
[Site "Europe Echecs"]
[Date "2020.07.12"]
[Round "1"]
[Time "14:00:03"]
[PlyCount "81"]
[White "LarmetNino"]
[Black "MateriaMarco"]
[WhiteElo "1818"]
[BlackElo "2269"]
[Mode "WEB"]
[Result "0-1"]

1. e4 c5 2. Nc3 e6 3. g3 Nc6 4. Bg2 Nf6 5. d3 Be7 6. f4 d6 7. Nge2 O-O 8. O-O a6
9. a4 Qc7 10. h3 Bd7 11. g4 Nd4 12. f5 b5 13. axb5 Nxb5 14. e5 dxe5 15. Bxa8
Rxa8 16. Nxb5 Bxb5 17. Nc3 Bc6 18. fxe6 fxe6 19. Qe2 Nd5 20. Bd2 Bb7 21. Rae1
Bd6 22. Ne4 Bf8 23. Ng5 Qc6 24. Qh2 Bd6 25. Ne4 Bc7 26. Re2 c4 27. Qg3 cxd3 28.
cxd3 Nf4 29. Bxf4 exf4 30. Qf3 Rd8 31. Rd1 e5 32. Kh2 Bb6 33. Qf1 Be3 34. Qf3
Qb6 35. h4 Bc6 36. Qf1 Bb5 37. Nc3 Bxd3 38. Rxd3 Rxd3 39. Re1 Qxb2+ 40. Re2 Qxc3 {LarmetNino a abandonné} 0-1

[Event "Tournament 14475 - Europe Echecs"]
[Site "Europe Echecs"]
[Date "2020.07.12"]
[Round "1"]
[Time "14:00:03"]
[PlyCount "68"]
[White "HingouetMatthi"]
[Black "SylvestreBaron"]
[WhiteElo "2228"]
[BlackElo "1728"]
[Mode "WEB"]
[Result "1-0"]

1. d4 Nf6 2. c4 g6 3. Nc3 d5 4. cxd5 Nxd5 5. Bd2 Bg7 6. e4 Nxc3 7. Bxc3 O-O 8.
Qd2 c5 9. d5 Qc7 10. Bc4 Rd8 11. Ne2 Nd7 12. f4 Nb6 13. b3 Bg4 14. O-O Nxc4 15.
bxc4 Bxe2 16. Bxg7 Bxf1 17. Bb2 Bxg2 18. Kxg2 Qd7 19. h3 b5 20. Qc3 f6 21. Rd1
bxc4 22. e5 Qf5 23. Qxc4 Kg7 24. d6 Rab8 25. Bc3 exd6 26. exf6+ Kh6 27. Rd5 Qc2+
28. Rd2 Qf5 29. Rd5 Qc2+ 30. Kg3 Rb2 31. Rd2 Qxd2 32. Bxd2 Rxd2 33. Qf7 Rd3+ 34.
Kg4 {SylvestreBaron a perdu au temps} 1-0

[Event "Tournament 14475 - Europe Echecs"]
[Site "Europe Echecs"]
[Date "2020.07.12"]
[Round "1"]
[Time "14:00:03"]
[PlyCount "45"]
[White "DesfontaineVin"]
[Black "MakkarRajat"]
[WhiteElo "1620"]
[BlackElo "2214"]
[Mode "WEB"]
[Result "0-1"]

1. e4 e5 2. f4 exf4 3. Nf3 Ne7 4. Bc4 d5 5. exd5 Nxd5 6. O-O Be7 7. Nc3 Nxc3 8.
bxc3 O-O 9. d4 Nd7 10. Bxf4 Nf6 11. Rb1 c6 12. Ne5 Nd5 13. Bd2 Bf6 14. Ng4 Bg5
15. Bxd5 Qxd5 16. Bxg5 Qxg5 17. Ne5 Qe3+ 18. Kh1 Qxc3 19. Rb3 Qa5 20. Qh5 f6 21.
Qf3 Be6 22. Ra3 Qb4 {DesfontaineVin a abandonné} 0-1

[Event "Tournament 14475 - Europe Echecs"]
[Site "Europe Echecs"]
[Date "2020.07.12"]
[Round "1"]
[Time "14:00:03"]
[PlyCount "102"]
[White "SayaEthan"]
[Black "LemiereMaxence"]
[WhiteElo "2199"]
[BlackElo "1618"]
[Mode "WEB"]
[Result "1-0"]

1. e4 e5 2. Nf3 Nc6 3. Bc4 d6 4. d4 exd4 5. Nxd4 Nxd4 6. Qxd4 Qf6 7. Be3 Be6 8.
Nd2 Be7 9. O-O-O Qxd4 10. Bxd4 Bf6 11. Be3 O-O-O 12. Rhe1 Ne7 13. f4 Nc6 14. Bb5
Bg4 15. Be2 Bxe2 16. Rxe2 Bd4 17. Nf3 Bxe3+ 18. Rxe3 Rhe8 19. Ree1 Re7 20. Re3
f6 21. Rde1 Rde8 22. Kd2 Kd7 23. c3 Na5 24. b3 Nc6 25. Nd4 g6 26. Kd3 Nd8 27. g3
a6 28. a4 c5 29. Nf3 Nc6 30. Nd2 Na5 31. b4 Nc6 32. b5 axb5 33. axb5 Na5 34. c4
b6 35. R1e2 Nb7 36. Nb1 Ra8 37. Nc3 Ra3 38. Ra2 Rxa2 39. Nxa2 Re8 40. Nc3 Ra8
41. Nd5 Ra3+ 42. Ke2 Ra2+ 43. Kf3 Rxh2 44. Nxb6+ Ke6 45. Ra3 f5 46. Ra7 fxe4+
47. Kxe4 Nd8 48. Nd5 Re2+ 49. Kf3 Rb2 50. Re7+ Kf5 51. g4# {LemiereMaxence est échec et mat} 1-0

[Event "Tournament 14475 - Europe Echecs"]
[Site "Europe Echecs"]
[Date "2020.07.12"]
[Round "1"]
[Time "14:00:03"]
[PlyCount "93"]
[White "GreuthierAlois"]
[Black "BergougnouxAxe"]
[WhiteElo "1601"]
[BlackElo "2191"]
[Mode "WEB"]
[Result "0-1"]

1. e4 c5 2. Nf3 e6 3. g3 Nc6 4. Bg2 d5 5. exd5 Qxd5 6. O-O Qd6 7. d3 Nf6 8. Re1
Be7 9. Bf4 Qd8 10. Nc3 O-O 11. Ne5 Nxe5 12. Bxe5 Bd6 13. Qe2 Rb8 14. Nb5 Bxe5
15. Qxe5 Bd7 16. Nd6 b6 17. a4 Ng4 18. Qe2 Nh6 19. h4 Qe7 20. Ne4 Nf5 21. Ng5 h6
22. Ne4 Nd4 23. Qd1 Bc6 24. c3 Nf5 25. Qc2 Bb7 26. a5 b5 27. a6 Ba8 28. Ra5 Rfd8
29. Rd1 Qc7 30. Raa1 Rd7 31. Qe2 Rbd8 32. Bf1 Ne7 33. Qe3 Rc8 34. Rd2 Nd5 35.
Qe2 f5 36. c4 bxc4 37. dxc4 fxe4 38. cxd5 exd5 39. Qg4 Rf7 40. Bh3 Rcf8 41. Rad1
Kh8 42. Kg2 d4 43. Qg6 e3+ 44. Kg1 exd2 45. Rxd2 Rf6 46. Qe4 Bxe4 {GreuthierAlois a abandonné} 0-1

[Event "Tournament 14475 - Europe Echecs"]
[Site "Europe Echecs"]
[Date "2020.07.12"]
[Round "1"]
[Time "14:00:03"]
[PlyCount "28"]
[White "JolyJulien"]
[Black "DecurningeBric"]
[WhiteElo "2188"]
[BlackElo "1582"]
[Mode "WEB"]
[Result "1-0"]

1. e4 e6 2. Nf3 d5 3. Nc3 Nf6 4. e5 Nfd7 5. d4 c5 6. dxc5 Bxc5 7. Bd3 Nc6 8. Bf4
Qb6 9. O-O Qxb2 10. Nb5 Ke7 11. Qe2 h6 12. Rfb1 Nd4 13. Nfxd4 Bxd4 14. Rxb2 {DecurningeBric a abandonné} 1-0

[Event "Tournament 14475 - Europe Echecs"]
[Site "Europe Echecs"]
[Date "2020.07.12"]
[Round "1"]
[Time "14:00:03"]
[PlyCount "108"]
[White "MorataJules"]
[Black "WeismanNathan"]
[WhiteElo "1568"]
[BlackElo "2186"]
[Mode "WEB"]
[Result "1-0"]

1. e4 c5 2. d4 cxd4 3. c3 Nf6 4. e5 Nd5 5. cxd4 e6 6. Nc3 Nxc3 7. bxc3 d6 8. Nf3
Nc6 9. Bf4 Be7 10. Bd3 dxe5 11. Nxe5 Nxe5 12. Bxe5 Bf6 13. Bb5+ Bd7 14. Bxd7+
Qxd7 15. Bxf6 gxf6 16. O-O Rg8 17. Qf3 f5 18. Rfe1 O-O-O 19. Rab1 Qd5 20. Qxd5
Rxd5 21. Rb3 b5 22. Reb1 a6 23. a4 Kd7 24. axb5 axb5 25. Rxb5 Rxb5 26. Rxb5 Rc8
27. Rb3 Kd6 28. f4 Kd5 29. Kf2 Ke4 30. Ke2 Ra8 31. Rb2 Kxf4 32. Kd3 Ra3 33. Rf2+
Kg5 34. Rc2 f6 35. Ke3 e5 36. d5 Ra4 37. d6 f4+ 38. Ke2 Ra8 39. d7 Rd8 40. Rd2
Kf5 41. Rd6 e4 42. c4 Ke5 43. c5 f5 44. Kd2 h5 45. h4 f3 46. gxf3 Kf4 47. fxe4
fxe4 48. c6 e3+ 49. Ke2 Ra8 50. d8=Q Ra2+ 51. Kd3 Rd2+ 52. Kc4 e2 53. Qf6+ Ke3
54. Re6# {WeismanNathan est échec et mat} 1-0

[Event "Tournament 14475 - Europe Echecs"]
[Site "Europe Echecs"]
[Date "2020.07.12"]
[Round "1"]
[Time "14:00:03"]
[PlyCount "133"]
[White "LamazeSimon"]
[Black "FondratJohan"]
[WhiteElo "2185"]
[BlackElo "1509"]
[Mode "WEB"]
[Result "1/2-1/2"]

1. d4 d5 2. c4 c6 3. Nf3 Nf6 4. g3 g6 5. Bg2 Bg7 6. O-O O-O 7. cxd5 cxd5 8. Nc3
Nc6 9. Ne5 e6 10. f4 Bd7 11. Be3 Rc8 12. Rc1 a6 13. Bf2 Nxe5 14. dxe5 Ng4 15. e4
Nxf2 16. Rxf2 dxe4 17. Nxe4 Bc6 18. Nd6 Rc7 19. Bxc6 Rxc6 20. Rxc6 bxc6 21. Rc2
Qb6+ 22. Kg2 Rb8 23. Qf3 Bf8 24. b3 c5 25. Ne4 Rc8 26. h4 Be7 27. h5 Kg7 28. g4
Rd8 29. g5 Qb4 30. h6+ Kf8 31. Qe3 Rd4 32. Kf3 Qb5 33. Rd2 Qf1+ 34. Nf2 Qa1 35.
Rxd4 cxd4 36. Qe4 Qc3+ 37. Qd3 Bc5 38. Qxc3 dxc3 39. Nd3 Ba3 40. Ke2 Ke8 41. Ne1
Kd7 42. Nc2 Bb2 43. Kd3 Kc6 44. Kc4 Kb6 45. b4 a5 46. a3 axb4 47. axb4 Bc1 48.
Kxc3 Bxf4 49. Na3 Bxe5+ 50. Kd3 Bf4 51. Ke4 Bxg5 52. Nc4+ Kc6 53. Ne5+ Kb5 54.
Nxf7 Bc1 55. Ke5 Kxb4 56. Kxe6 Bxh6 57. Nxh6 g5 58. Kf5 g4 59. Kxg4 Kc5 60. Kg5
Kd6 61. Kf6 Kd5 62. Kg7 Ke5 63. Nf7+ Kf4 64. Kh6 Kf5 65. Ng5 Kf6 66. Nxh7+ Kf7 {Aucun joueur n'a le mat&eacute;riel pour mater} 1/2-1/2

[Event "Tournament 14475 - Europe Echecs"]
[Site "Europe Echecs"]
[Date "2020.07.12"]
[Round "1"]
[Time "14:00:03"]
[PlyCount "101"]
[White "CiarlettaIris"]
[Black "KuhnClement"]
[WhiteElo "1493"]
[BlackElo "2150"]
[Mode "WEB"]
[Result "0-1"]

1. d4 Nf6 2. c4 g6 3. Nc3 Bg7 4. e4 d6 5. f4 O-O 6. Nf3 c5 7. d5 e6 8. Bd3 exd5
9. cxd5 a6 10. a4 Nbd7 11. O-O Ne8 12. Be3 Nc7 13. Qc2 Rb8 14. a5 b5 15. axb6
Nxb6 16. Rfb1 Bd7 17. Bxa6 Nxa6 18. Rxa6 Nc4 19. Bf2 Qc7 20. b3 Qb7 21. Ra2 Nb6
22. Nd1 f5 23. e5 Nxd5 24. Qc4 Bb5 25. Qc1 Nb4 26. Rd2 dxe5 27. Nxe5 Qe4 28. Nc3
Qxf4 29. Nxb5 Bxe5 30. Qc4+ Kh8 31. Bg3 Qe3+ 32. Kh1 Bxg3 33. Re2 Qd3 34. Qxd3
Nxd3 35. hxg3 Rxb5 36. Rd2 Ne5 37. Re2 Ng4 38. Re7 c4 39. Rd1 Rxb3 40. Kg1 c3
41. Kf1 c2 42. Rdd7 c1=Q+ 43. Ke2 Re3+ 44. Rxe3 Qxe3+ 45. Kd1 Nf2+ 46. Kc2 Rc8+
47. Kb1 Qc1+ 48. Ka2 Qc2+ 49. Ka3 Qc3+ 50. Ka4 Qc6+ {CiarlettaIris a perdu au temps} 0-1

[Event "Tournament 14475 - Europe Echecs"]
[Site "Europe Echecs"]
[Date "2020.07.12"]
[Round "1"]
[Time "14:00:03"]
[PlyCount "78"]
[White "RaclotLeo"]
[Black "HeilerLucas"]
[WhiteElo "2124"]
[BlackElo "1463"]
[Mode "WEB"]
[Result "1-0"]

1. e4 c5 2. Nc3 d6 3. g3 Nf6 4. Bg2 g6 5. d3 Bg7 6. Nge2 Nc6 7. O-O O-O 8. f4
Qb6 9. Kh1 Ng4 10. h3 Nf6 11. g4 e6 12. Ng3 Nd4 13. Nce2 Bd7 14. Nxd4 cxd4 15.
f5 exf5 16. gxf5 Qc7 17. Bd2 Rac8 18. c4 dxc3 19. Bxc3 b5 20. Qb3 a5 21. fxg6
hxg6 22. Bxf6 d5 23. d4 dxe4 24. Nxe4 a4 25. Qf3 Qc6 26. Bxg7 Kxg7 27. Qf6+ Qxf6
28. Nxf6 Bf5 29. Ng4 Rh8 30. Kg1 Rc2 31. Rf2 Rc4 32. d5 Rd8 33. Ne3 Rc5 34.
Nxf5+ gxf5 35. Rxf5 Kg6 36. Raf1 Rd7 37. Rf6+ Kg7 38. Rc6 Rc2 39. Rxc2 {HeilerLucas a abandonné} 1-0

[Event "Tournament 14475 - Europe Echecs"]
[Site "Europe Echecs"]
[Date "2020.07.12"]
[Round "1"]
[Time "14:00:03"]
[PlyCount "57"]
[White "ChevillonCelia"]
[Black "DenningerGuilh"]
[WhiteElo "1433"]
[BlackElo "2065"]
[Mode "WEB"]
[Result "0-1"]

1. e4 c6 2. d4 d5 3. e5 c5 4. c3 Nc6 5. Ne2 e6 6. Be3 cxd4 7. cxd4 Nge7 8. Nbc3
Nf5 9. Qd2 Be7 10. g3 O-O 11. Bh3 Nxe3 12. Qxe3 b6 13. O-O Ba6 14. a3 Na5 15. f4
Nc4 16. Qc1 g6 17. g4 Na5 18. Qd1 Qe8 19. f5 Bg5 20. fxg6 fxg6 21. Rxf8+ Qxf8
22. Rb1 Nc4 23. Qd3 Qc8 24. b3 Nxa3 25. Qd1 Nxb1 26. Qxb1 Qf8 27. Ng3 Qf3 28.
Qa1 Be3# {ChevillonCelia est échec et mat} 0-1

[Event "Tournament 14475 - Europe Echecs"]
[Site "Europe Echecs"]
[Date "2020.07.12"]
[Round "1"]
[Time "14:00:03"]
[PlyCount "88"]
[White "ProfiliEmilio"]
[Black "BOUMRARAyrad"]
[WhiteElo "2053"]
[BlackElo "1431"]
[Mode "WEB"]
[Result "1-0"]

1. e4 c5 2. Nf3 Nc6 3. Bb5 d6 4. O-O Bd7 5. Re1 Nf6 6. c3 a6 7. Bf1 g6 8. h3 Bg7
9. d4 O-O 10. Bg5 cxd4 11. cxd4 h6 12. Bh4 g5 13. Bg3 Nh5 14. Bh2 Nf4 15. Nc3 e5
16. Bxf4 gxf4 17. Nd5 Be6 18. dxe5 dxe5 19. Qd2 f5 20. Nc3 Qxd2 21. Nxd2 Rad8
22. Rad1 Nd4 23. Bc4 Bxc4 24. Nxc4 b5 25. Na5 b4 26. Nd5 fxe4 27. Nxb4 f3 28.
Nbc6 Rd7 29. Nxd4 exd4 30. Rxe4 fxg2 31. Kxg2 Rb8 32. Nb3 a5 33. Rd2 Rbd8 34.
Nxa5 Ra8 35. b4 Rb8 36. a3 d3 37. Re3 Rbd8 38. Nc6 Rf8 39. Rdxd3 Rc7 40. b5 Rcf7
41. Rf3 Rxf3 42. Rxf3 Ra8 43. Rd3 Bf6 44. b6 {BOUMRARAyrad a abandonné} 1-0

[Event "Tournament 14475 - Europe Echecs"]
[Site "Europe Echecs"]
[Date "2020.07.12"]
[Round "1"]
[Time "14:00:03"]
[PlyCount "89"]
[White "SepahpourSherv"]
[Black "BregnacTristan"]
[WhiteElo "1398"]
[BlackElo "2047"]
[Mode "WEB"]
[Result "0-1"]

1. d4 d5 2. c4 e6 3. Nc3 Nf6 4. Nf3 Nbd7 5. e3 c6 6. c5 b6 7. b4 a5 8. bxa5 bxc5
9. Bd2 Rxa5 10. Nxd5 cxd5 11. Bxa5 Qxa5+ 12. Qd2 Qxd2+ 13. Kxd2 Ne4+ 14. Ke1
cxd4 15. Nxd4 Bb4+ 16. Ke2 Ne5 17. Nb5 Ba6 18. a4 O-O 19. f3 Nc3+ 20. Kf2 Bb7
21. Nxc3 Bxc3 22. Rc1 d4 23. exd4 Bxd4+ 24. Kg3 Ra8 25. Rc7 Bd5 26. Bb5 Nxf3 27.
Rcc1 Nd2 28. Bd3 g6 29. Rc2 Nb3 30. Bb5 Be5+ 31. Kf2 Nd4 32. Rc5 Nxb5 33. axb5
Bd4+ 34. Ke2 Bxc5 35. Rc1 Bd4 36. Kf1 Rb8 37. b6 Rxb6 38. Rc2 Be4 39. Ra2 Bd3+
40. Ke1 Be3 41. Ra1 Rb2 42. Ra8+ Kg7 43. Ra1 Rxg2 44. Ra2 Rg1# {SepahpourSherv est échec et mat} 0-1

[Event "Tournament 14475 - Europe Echecs"]
[Site "Europe Echecs"]
[Date "2020.07.12"]
[Round "1"]
[Time "14:00:03"]
[PlyCount "98"]
[White "DelinValere"]
[Black "ChevillonManon"]
[WhiteElo "2043"]
[BlackElo "1356"]
[Mode "WEB"]
[Result "1-0"]

1. e4 e5 2. Nf3 Nc6 3. Bb5 Bc5 4. c3 d6 5. d4 exd4 6. cxd4 Bb4+ 7. Bd2 Bxd2+ 8.
Qxd2 Bd7 9. Nc3 Nge7 10. O-O O-O 11. Rac1 a6 12. Ba4 b5 13. Bc2 Na5 14. b3 Nac6
15. h3 h6 16. Rfd1 Ng6 17. Bb1 Qc8 18. Nd5 Nce7 19. Nxc7 Bxh3 20. gxh3 Qxh3 21.
Qe3 Qg4+ 22. Kf1 Nf4 23. Nxa8 Qh3+ 24. Ke1 Ng2+ 25. Ke2 Nxe3 26. Kxe3 Rxa8 27.
Rh1 Qe6 28. Kd2 Rc8 29. Rce1 Qd7 30. Re3 Qc7 31. Rd1 d5 32. Rde1 dxe4 33. Rxe4
Qa5+ 34. Kd1 Ng6 35. Ne5 Nxe5 36. Rxe5 g6 37. d5 Qc3 38. R5e3 Qc1+ 39. Ke2 Qc7
40. Kf1 Qd7 41. Rd1 Rd8 42. d6 Rc8 43. Re7 Qd8 44. d7 Rc7 45. Re8+ Qxe8 46.
dxe8=Q+ Kg7 47. Qe5+ Kg8 48. Rd8+ Kh7 49. Rh8# {ChevillonManon est échec et mat} 1-0

[Event "Tournament 14475 - Europe Echecs"]
[Site "Europe Echecs"]
[Date "2020.07.12"]
[Round "1"]
[Time "14:00:03"]
[PlyCount "57"]
[White "BachyLouis"]
[Black "TomasiElise"]
[WhiteElo "1264"]
[BlackElo "2030"]
[Mode "WEB"]
[Result "0-1"]

1. e4 e5 2. Nf3 Nc6 3. d4 exd4 4. Nxd4 Bc5 5. Be3 Bb6 6. g3 Nge7 7. Bg2 O-O 8.
O-O d5 9. Nxc6 bxc6 10. Bxb6 axb6 11. Nc3 Bb7 12. Qd2 d4 13. Ne2 c5 14. c3 d3
15. Nf4 c4 16. Rfd1 Ng6 17. Nxg6 hxg6 18. f4 Re8 19. e5 Bxg2 20. Kxg2 Qd5+ 21.
Kf2 Qc5+ 22. Qe3 Qd5 23. a3 f6 24. Re1 fxe5 25. fxe5 Rad8 26. Rad1 Re6 27. Rd2
Rde8 28. Qf4 Rf8 {BachyLouis a abandonné} 0-1

[Event "Tournament 14475 - Europe Echecs"]
[Site "Europe Echecs"]
[Date "2020.07.12"]
[Round "1"]
[Time "14:00:03"]
[PlyCount "74"]
[White "GrancherEtienn"]
[Black "GavilaQuentin"]
[WhiteElo "1987"]
[BlackElo "1199"]
[Mode "WEB"]
[Result "1-0"]

1. c4 Nf6 2. Nc3 g6 3. g3 Bg7 4. Bg2 O-O 5. Nf3 Nc6 6. O-O d6 7. d4 e5 8. d5 Ne7
9. Qc2 Ne8 10. e4 f5 11. Ng5 Nf6 12. Re1 h6 13. Ne6 Bxe6 14. dxe6 Qc8 15. exf5
gxf5 16. Nd5 Nexd5 17. cxd5 Ng4 18. h3 Nf6 19. Bd2 Re8 20. Rac1 Re7 21. Qxf5 Qf8
22. Qg6 Rc8 23. Bxh6 Kh8 24. Bxg7+ Rxg7 25. Qh6+ Kg8 26. Rc4 Re8 27. Rh4 Rh7 28.
Qg5+ Rg7 29. Qd2 Ree7 30. b4 c6 31. dxc6 bxc6 32. Qxd6 Qc8 33. Rxe5 Qa6 34. Qd2
Qb6 35. Qh6 Nh7 36. Rc5 Qxb4 37. Rxb4 {GavilaQuentin a abandonné} 1-0

[Event "Tournament 14475 - Europe Echecs"]
[Site "Europe Echecs"]
[Date "2020.07.12"]
[Round "1"]
[Time "14:00:03"]
[PlyCount "155"]
[White "StrichardHadri"]
[Black "SalvadorLucie"]
[WhiteElo "1199"]
[BlackElo "1979"]
[Mode "WEB"]
[Result "0-1"]

1. e4 e5 2. Nf3 Nc6 3. d4 exd4 4. Nxd4 Bc5 5. c3 d6 6. Be3 Bb6 7. Bc4 Nf6 8. Nd2
O-O 9. O-O Re8 10. Qc2 Ne5 11. Bd3 Nxd3 12. Qxd3 Bd7 13. Rfe1 c5 14. N4f3 Bc6
15. Bf4 Bc7 16. Re2 b5 17. b3 a5 18. Rae1 a4 19. c4 Qd7 20. Bg5 bxc4 21. Nxc4
Nxe4 22. Rxe4 Bxe4 23. Rxe4 Rxe4 24. Qxe4 d5 25. Nce5 dxe4 26. Nxd7 exf3 27.
gxf3 f6 28. Be3 axb3 29. axb3 Kf7 30. Nxc5 Kg6 31. Ne6 Bd6 32. Nd4 Kh5 33. Kg2
Kg6 34. Nc6 Rc8 35. Nd4 Rb8 36. Bd2 Be5 37. Nc6 Rxb3 38. Nxe5+ fxe5 39. f4 e4
40. Be3 Kf5 41. Kg3 Rb1 42. Kg2 Kg4 43. h3+ Kh4 44. Kh2 Rb5 45. Bd4 g6 46. Be3
Rf5 47. Kg2 h6 48. Kh2 g5 49. fxg5 hxg5 50. Kg2 Rf3 51. Bd2 Rxh3 52. Be1 Rf3 53.
Bd2 Kg4 54. Be3 Kf5 55. Bd4 Kf4 56. Be3+ Rxe3 57. fxe3+ Kxe3 58. Kg3 Ke2 59. Kg4
Kf2 60. Kxg5 e3 61. Kf4 e2 62. Ke4 e1=Q+ 63. Kd3 Qe3+ 64. Kc4 Kf3 65. Kd5 Qf4
66. Kc5 Qe4 67. Kb5 Qd4 68. Kc6 Qe5 69. Kd7 Qf6 70. Kc7 Qe6 71. Kb7 Qd6 72. Ka7
Qc6 73. Kb8 Qd7 74. Ka8 Ke4 75. Kb8 Kd5 76. Ka8 Kc6 77. Kb8 Qb7# {StrichardHadri est échec et mat} 0-1

[Event "Tournament 14475 - Europe Echecs"]
[Site "Europe Echecs"]
[Date "2020.07.12"]
[Round "1"]
[Time "14:00:03"]
[PlyCount "56"]
[White "RollotFlorence"]
[Black "FavierSagnesJu"]
[WhiteElo "1973"]
[BlackElo "1178"]
[Mode "WEB"]
[Result "1-0"]

1. Nf3 d5 2. c4 e6 3. g3 Nf6 4. Bg2 c6 5. Qc2 Qb6 6. O-O Bc5 7. e3 O-O 8. d4 Be7
9. a3 Nbd7 10. b4 dxc4 11. Qxc4 Qd8 12. Nbd2 Qc7 13. e4 b5 14. Qc2 Bb7 15. Nb3
Bd8 16. Bf4 Qc8 17. Rac1 Bc7 18. Bxc7 Qxc7 19. Nfd2 Rac8 20. e5 Nd5 21. Ne4 f5
22. Nd6 Rb8 23. Nxb7 Rxb7 24. Qxc6 Rc8 25. Qxe6+ Kh8 26. Rxc7 Rbxc7 27. Bxd5 Nf8
28. Qg8# {FavierSagnesJu est échec et mat} 1-0

[Event "Tournament 14475 - Europe Echecs"]
[Site "Europe Echecs"]
[Date "2020.07.12"]
[Round "1"]
[Time "14:00:03"]
[PlyCount "71"]
[White "DhenninTanguy"]
[Black "RebutPaul"]
[WhiteElo "1160"]
[BlackElo "1966"]
[Mode "WEB"]
[Result "0-1"]

1. e4 d5 2. Nc3 d4 3. Nd5 c6 4. Nf4 e5 5. Nd3 Qc7 6. h3 Bd6 7. Nf3 c5 8. Be2 c4
9. Ndxe5 Bxe5 10. Bxc4 Qxc4 11. Nxe5 Qe6 12. f4 f6 13. Qh5+ g6 14. Nxg6 Qxe4+
15. Kd1 Qxg6 16. Qe2+ Ne7 17. Re1 Nbc6 18. d3 Bd7 19. g4 O-O-O 20. f5 Qf7 21.
Bf4 Nd5 22. Bg3 Rhe8 23. Qf3 Rxe1+ 24. Bxe1 Re8 25. Qf2 Ne3+ 26. Kc1 Qd5 27. Bd2
Qh1+ 28. Be1 Ng2 29. Kd2 Nxe1 30. Rxe1 Qxe1+ 31. Qxe1 Rxe1 32. c3 dxc3+ 33. Kxe1
cxb2 34. Kd2 b1=Q 35. Ke3 Ne5 {DhenninTanguy a abandonné} 0-1